Meksykańscy sportowcy - nagła śmierć - Statystyki

Ogólne statystyki
  • Ten quiz został rozwiązany 44 razy
  • Średni wynik to 7 z 10
Answers on the Grid
Answers color-coded by a green-red scale on the quiz's grid according to % correct below.
Guillermo Ochoa
Luis Suárez
Saúl Álvarez
Radamel Falcao
Diego Forlán
Hugo Sánchez
Claudio Bravo
Rafael Márquez
Kévin Borlée
Javier Hernández
Giovani dos Santos
Jefferson Farfán
Carlos Vela
Giovanni Reyna
Martín Demichelis
Julio César Chávez
Marouane Chamakh
Ana Guevara
Juan Manuel Márquez
Julia Paternain
 
Statystyki odpowiedzi
Odpowiedź % Poprawnych
Guillermo Ochoa
90%
Hugo Sánchez
78%
Ana Guevara
70%
Rafael Márquez
70%
Carlos Vela
68%
Giovani dos Santos
68%
Javier Hernández
65%
Juan Manuel Márquez
63%
Julio César Chávez
55%
Saúl Álvarez
43%
Nie znaleziono quizów pasujących do podanych kryteriów
Rozkład punktacji
Procent ludzi z każdym wynikiem
Percentyl według liczby udzielonych odpowiedzi
Twoja historia wyników
Nie rozwiązałeś tego quizu